| 000 | 00452nam a2200169 4500 | ||
|---|---|---|---|
| 001 | 121972 | ||
| 003 | ES-MaACL | ||
| 005 | 20230906191900.0 | ||
| 007 | t| | ||
| 008 | 070214s1973 sp r ||||1| spa d | ||
| 100 | 1 |
_aPosada Alonso, Caridad. _993328 |
|
| 245 | 1 | 0 |
_aSer y silencio / _cCaridad Posada Alonso. |
| 250 | _a1ยช. ed. | ||
| 260 |
_aPontevedra : _bE. Paredes, _c1973. |
||
| 300 |
_a83 p. ; _c18 cm. |
||
| 852 |
_aES-MaACL _jC-52623 _bR.85779 |
||
| 999 |
_c121972 _d121972 |
||